Crop protection : management strategies
| Other Authors: | |
|---|---|
| Format: | Book |
| Published: |
Delhi :
Daya Publishing House ,
2005
|
| Subjects: |
MARC
| LEADER | 00000cam a2200000 7i4500 | ||
|---|---|---|---|
| 001 | 0000003637 | ||
| 005 | 20080124.0 | ||
| 020 | 0 | 0 | |a 8170353726 |
| 090 | 0 | 0 | |a 631 |b CRO |
| 245 | 1 | 0 | |a Crop protection : |b management strategies |c editor D. Prasad |
| 260 | 0 | 0 | |a Delhi : |b Daya Publishing House , |c 2005 |
| 300 | |a x, 676 p. : |b ill. ; |c 25 cm. | ||
| 650 | 0 | 0 | |a agro-ecosystem |
| 650 | 0 | 0 | |a Fertilizers |
| 700 | 1 | 1 | |a Prasad, D. |
| 999 | |a 0000007247 |b Monograph |c Open Shelf |e Default branch | ||